000 01640nam0a2200361 4500
001 RU\NLR\bibl\1115435
005 20260405150929.0
010 _a5-7731-0150-5
_9500
021 _aRU
_b2007-43043
_92302
035 _a(NLR Aleph) 001102440
090 _a1186813
_c1186813
100 _a20070807d2006 |||y0rusy50 ca
101 0 _arus
102 _aRU
105 _aa |||||||||
200 1 _aРеализация личностно-ориентированного подхода к обучающимся в учреждениях СПО машиностроительного профиля
_fЕ.А. Шишлова, В.М. Пачевский
210 _aВоронеж
_cВоронежский государственный технический университет
_d2006
215 _a236 с.
_cил.
_d21
320 _aБиблиогр.: с. 222-236 (168 назв.)
606 1 _aУчреждения среднего профессионального образования
_xУчебно-воспитательная работа
_92460158
_3RU\NLR\auth\661461908
606 1 _aСтуденты
_xПсихологические исследования
_91710431
_3RU\NLR\auth\66762254
686 _aЧ471.2
686 _aЧ471.3
686 _aЮ984.03
686 _aЮ940.3
700 1 _aШишлова
_bЕ. А.
_gЕлена Анатольевна
_4070
701 1 _4070
_8rus
_7ca
_aПачевский
_bВ. М.
_gВладимир Морицович
_3RU\NLR\auth\7762174
_945104
801 0 _aRU
_bNLR
_c20070807
_gRCR
801 1 _aRU
_bNLR
_c20070807
942 _cBOOK
980 _aNB
980 _aNBR